| 000 | 00482 a2200169 4500 | ||
|---|---|---|---|
| 020 | _a0-201-07199-1 | ||
| 040 |
_aDLC _bDLC |
||
| 100 | 1 | _aSears, Francis Weston, | |
| 245 | 0 | 0 |
_aUniversity physics _cFrancis W. Sears, Mark W. Zemansjy, Hugh D. Young |
| 250 | _a6. ed. | ||
| 260 |
_aReading, Mass., _c1982 |
||
| 300 | _a300 s. | ||
| 440 | 0 | _aAddison-Wesley series in physics, | |
| 700 | 1 |
_aZemansky, Mark W. _4oth |
|
| 700 | 1 |
_aYoung, Hugh D., _d1930- _4oth |
|
| 942 |
_cBK _k530 SEA _2ddc |
||
| 999 |
_c4492 _d4492 |
||